| 000 | 00582nam a2200181Ia 4500 | ||
|---|---|---|---|
| 003 | IN-BaIIA | ||
| 005 | 20250702111911.0 | ||
| 008 | 211028s9999 xx 000 0 eng d | ||
| 040 | _cIIA Library | ||
| 080 |
_a52(083) _bPRE |
||
| 110 |
_aPretoria Government _9934 |
||
| 245 | 0 |
_aTables of X and Y _belliptic rectangular co-ordinates _cPretoria Government |
|
| 260 |
_aPretoria _bGovernment Printing and Stationery Office _c1927 |
||
| 300 | _a60p | ||
| 650 | _aAstronomy and Astrophysics Thesaurus | ||
| 650 |
_aTables _9935 |
||
| 942 |
_cBK _2ddc |
||
| 999 |
_c411 _d411 |
||